Décimas inéditas / (Registro nro. 14127)

Detalles MARC
000 -LEADER
fixed length control field 00922nam a2200265 a 4500
001 - CONTROL NUMBER
control field
003 - CONTROL NUMBER IDENTIFIER
control field OSt
005 - DATE AND TIME OF LATEST TRANSACTION
control field 20220330122725.0
008 - FIXED-LENGTH DATA ELEMENTS--GENERAL INFORMATION
fixed length control field 090923s2018 dr r 000 p spa d
040 ## - CATALOGING SOURCE
Original cataloging agency DO-SdBNP
Language of cataloging spa
Transcribing agency BPMSU
082 ## - DEWEY DECIMAL CLASSIFICATION NUMBER
Classification number RD861.42
Item number A414d 2018
Edition number 22
100 1# - MAIN ENTRY--PERSONAL NAME
Personal name Alix, Juan Antonio,
Dates associated with a name 1933-1918
245 10 - TITLE STATEMENT
Title Décimas inéditas /
Statement of responsibility, etc. Juan Antonio Alix ; Compilación Teresa Pereyra Goico de Pierre prólogo Emilio Rodríguez Demorizi.
250 ## - EDITION STATEMENT
Edition statement 3a. ed.
260 ## - PUBLICATION, DISTRIBUTION, ETC. (IMPRINT)
Place of publication, distribution, etc. Santo Domingo :
Name of publisher, distributor, etc. Ediciones CEDIBIL,
Date of publication, distribution, etc. 2018
300 ## - PHYSICAL DESCRIPTION
Extent 170 p. ;
Dimensions 22 cm.
500 ## - GENERAL NOTE
General note Incluye referencias bibliográficas y notas al pie de las páginas.
590 ## - LOCAL NOTE (RLIN)
Local note Inventariado, 2022/VM
650 #4 - SUBJECT ADDED ENTRY--TOPICAL TERM
Topical term or geographic name as entry element Poesía dominicana
650 #4 - SUBJECT ADDED ENTRY--TOPICAL TERM
Topical term or geographic name as entry element Literatura dominicana.
700 1# - ADDED ENTRY--PERSONAL NAME
Personal name Rodríguez Demorizi, Emilio,
Dates associated with a name 1908-1986
Relator term prólogo
700 1# - ADDED ENTRY--PERSONAL NAME
Personal name Goico De pierre, Teresa Pereyra
Relator term compilasora
910 ## - USER-OPTION DATA (OCLC)
User-option data VMateo V.
942 ## - ADDED ENTRY ELEMENTS (KOHA)
Source of classification or shelving scheme Dewey Decimal Classification
Koha item type Libros

No hay ítems disponibles.